Física. Primer año Medio
Gardado en:
| Autor Principal: | |
|---|---|
| Formato: | Libro |
| Idioma: | Lingua castelá |
| Publicado: |
Santiago
Ediciones Pedagogicas Chilenas
1994
|
| Edición: | 6a. ed |
| Subjects: | |
| Tags: |
Engadir etiqueta
Sen Etiquetas, Sexa o primeiro en etiquetar este rexistro!
|
MARC
| LEADER | 00000nam a2200000 a 4500 | ||
|---|---|---|---|
| 001 | UCH3935 | ||
| 003 | CL-VaPUC | ||
| 008 | 090818e19940000CL |||||||||||||||||spa|d | ||
| 082 | 0 | 4 | |a 530 |b MUÑ |2 21 |
| 100 | |a Muñoz Muñoz, Héctor |e autor |9 543553 | ||
| 245 | 1 | 0 | |a Física. Primer año Medio |
| 250 | |a 6a. ed | ||
| 300 | |a 106 p | ||
| 942 | |c BK | ||
| 945 | |d 20090818 00:00:00 |a ccalabra | ||
| 260 | |a Santiago |b Ediciones Pedagogicas Chilenas |c 1994 | ||
| 650 | 0 | |a Educación |9 258661 | |
| 650 | 0 | |a Energía |9 259431 | |
| 650 | 7 | |a FUERZAS |2 CL-VaPUC |9 360776 | |
| 650 | 7 | |a INERCIA |2 CL-VaPUC |9 344732 | |
| 650 | 0 | |a Masa |9 344731 | |
| 650 | 7 | |a PESO |2 CL-VaPUC |9 350340 | |
| 650 | 0 | |a Movimiento |9 322237 | |
| 650 | 0 | |a Materia |9 265041 | |
| 583 | |a last modification |c 20090818 00:00:00 |k Rodrigo Vera | ||
| 999 | |c 335338 |d 335336 | ||